[Event "Titled Tuesday 2024.07.30 Late"]
[Site "chess.com INT"]
[Date "2024.07.30"]
[Round "1"]
[White "Song, Michael"]
[Black "Molina Mendoza, Omar"]
[Result "1-0"]
[WhiteElo "2403"]
[BlackElo "2070"]
[PlyCount "31"]
[GameId "2130307540692218"]
[EventDate "2024.07.30"]
[EventType "swiss (blitz)"]
[EventRounds "11"]
[EventCountry "NET"]
[SourceTitle "The Week in Chess 1552"]
[Source "Mark Crowther"]
[SourceDate "2024.08.05"]
[SourceVersion "1"]
[SourceVersionDate "2024.08.05"]
[SourceQuality "2"]

1. d4 d6 2. e4 f5 3. Nc3 Nc6 4. d5 Nb8 5. Bd3 e5 6. dxe6 Bxe6 7. exf5 Bd7 8. Qh5+ g6 9. fxg6 Nf6 10. g7+ Nxh5 11. gxh8=Q Qe7+ 12. Nge2 Nc6 13. Nd5 Qf7 14. Nxc7+ Kd8 15. Nxa8 Nf6 16. Bg5 1-0

[Event "Titled Tuesday 2024.07.23 Late"]
[Site "chess.com INT"]
[Date "2024.07.23"]
[Round "2"]
[White "Song, Michael"]
[Black "Bardyk, Artem"]
[Result "0-1"]
[WhiteElo "2403"]
[BlackElo "2290"]
[PlyCount "38"]
[GameId "2130307541134015"]
[EventDate "2024.07.23"]
[EventType "swiss (blitz)"]
[EventRounds "11"]
[EventCountry "NET"]
[SourceTitle "The Week in Chess 1551"]
[Source "Mark Crowther"]
[SourceDate "2024.07.29"]
[SourceVersion "1"]
[SourceVersionDate "2024.07.29"]
[SourceQuality "2"]

1. d4 d5 2. c4 e6 3. Nc3 Nf6 4. cxd5 Nxd5 5. e4 Nxc3 6. bxc3 c5 7. Rb1 Be7 8. Nf3 O-O 9. h4 Nd7 10. Bd3 b6 11. O-O Bb7 12. Qe2 Bxh4 13. Nxh4 Qxh4 14. f4 Nf6 15. Rf3 Qh5 16. f5 exf5 17. e5 Bxf3 18. gxf3 Qg6+ 19. Kf2 Nh5 0-1

[Event "Titled Tuesday 2024.07.23 Late"]
[Site "chess.com INT"]
[Date "2024.07.23"]
[Round "3"]
[White "Bornholdt, Joa Max"]
[Black "Song, Michael"]
[Result "0-1"]
[WhiteElo "2268"]
[BlackElo "2403"]
[PlyCount "76"]
[GameId "2130307541134037"]
[EventDate "2024.07.23"]
[EventType "swiss (blitz)"]
[EventRounds "11"]
[EventCountry "NET"]
[SourceTitle "The Week in Chess 1551"]
[Source "Mark Crowther"]
[SourceDate "2024.07.29"]
[SourceVersion "1"]
[SourceVersionDate "2024.07.29"]
[SourceQuality "2"]

1. e4 c5 2. Nf3 Nc6 3. Bb5 g6 4. O-O Bg7 5. Re1 e5 6. d3 Nge7 7. c3 O-O 8. a4 a6 9. Bc4 d5 10. exd5 Nxd5 11. Nbd2 h6 12. Nf1 Kh7 13. Qb3 Na5 14. Qa2 Nxc4 15. Qxc4 Qd6 16. Be3 b6 17. a5 Nxe3 18. Nxe3 Be6 19. Qa4 b5 20. Qc2 Rad8 21. Rad1 f5 22. Nf1 Bd5 23. Qe2 Rfe8 24. d4 cxd4 25. cxd4 Bb3 26. Rc1 e4 27. Ne5 Re6 28. Nf7 Qxd4 29. Nxd8 Qxd8 30. Qd2 Rd6 31. Qb4 Bg8 32. Ne3 Rd4 33. Qc5 f4 34. Nf1 f3 35. g3 Qd7 36. Re3 Qh3 37. Rxf3 exf3 38. Ne3 Re4 0-1

[Event "Titled Tuesday 2024.07.23 Late"]
[Site "chess.com INT"]
[Date "2024.07.23"]
[Round "4"]
[White "Melikyan, Gnel"]
[Black "Song, Michael"]
[Result "1/2-1/2"]
[WhiteElo "2238"]
[BlackElo "2403"]
[PlyCount "129"]
[GameId "2130307541138230"]
[EventDate "2024.07.23"]
[EventType "swiss (blitz)"]
[EventRounds "11"]
[EventCountry "NET"]
[SourceTitle "The Week in Chess 1551"]
[Source "Mark Crowther"]
[SourceDate "2024.07.29"]
[SourceVersion "1"]
[SourceVersionDate "2024.07.29"]
[SourceQuality "2"]

1. b3 e5 2. Bb2 d6 3. Nf3 Nd7 4. g3 Ne7 5. Bg2 Nc6 6. O-O g6 7. d4 Bg7 8. dxe5 dxe5 9. c4 O-O 10. Nc3 e4 11. Nd2 e3 12. fxe3 Qg5 13. Kh1 Nce5 14. Nde4 Qxe3 15. Nd5 Qh6 16. h3 c6 17. Ndf6+ Nxf6 18. Nxf6+ Bxf6 19. Rxf6 Qe3 20. Qd6 Re8 21. Raf1 Qxg3 22. R6f3 Qg5 23. Qd4 Bf5 24. Re3 f6 25. c5 Rad8 26. Qc3 Re7 27. Bc1 Qh4 28. Kg1 Qd4 29. Bb2 Qxc3 30. Bxc3 Kg7 31. a4 h5 32. Rc1 g5 33. Rf1 Kg6 34. a5 a6 35. Kh2 Rde8 36. Kg1 g4 37. h4 Nd7 38. Rxe7 Rxe7 39. Rf2 Nxc5 40. Bb4 Re5 41. Bc3 Re6 42. b4 Ne4 43. Bd4 Nxf2 44. Kxf2 Be4 45. Bf1 f5 46. e3 Bd5 47. Kg3 Re4 48. Bd3 Re6 49. Kf4 Be4 50. Bc4 Rd6 51. Ke5 Rd7 52. Kf4 Rd6 53. Bg8 Rd8 54. Be6 Re8 55. Bd7 Re7 56. Bc8 Bd3 57. Bc5 Re4+ 58. Kg3 Rc4 59. Bxb7 Be4 60. Bxa6 Rc2 61. Bf1 Rc1 62. Kf2 Rc2+ 63. Kg3 Rc1 64. Be2 Rc2 65. Bf1 1/2-1/2

[Event "Titled Tuesday 2024.07.23 Late"]
[Site "chess.com INT"]
[Date "2024.07.23"]
[Round "5"]
[White "Song, Michael"]
[Black "Sheehan, Ethan"]
[Result "0-1"]
[WhiteElo "2403"]
[BlackElo "2311"]
[PlyCount "108"]
[GameId "2130307541142400"]
[EventDate "2024.07.23"]
[EventType "swiss (blitz)"]
[EventRounds "11"]
[EventCountry "NET"]
[SourceTitle "The Week in Chess 1551"]
[Source "Mark Crowther"]
[SourceDate "2024.07.29"]
[SourceVersion "1"]
[SourceVersionDate "2024.07.29"]
[SourceQuality "2"]

1. d4 d5 2. c4 e6 3. Nc3 Nf6 4. cxd5 exd5 5. Bg5 Bb4 6. e3 h6 7. Bxf6 Qxf6 8. Bd3 c6 9. Nge2 O-O 10. a3 Bd6 11. Qc2 Re8 12. b4 a6 13. Rb1 Bg4 14. a4 b5 15. a5 Qe7 16. Qb3 Nd7 17. h3 Bxe2 18. Nxe2 Nf6 19. Bc2 Ne4 20. Nc1 Qf6 21. Bxe4 Rxe4 22. O-O Bc7 23. Nd3 Qd6 24. Ne5 f6 25. Nf3 g5 26. Rfc1 Rc8 27. Kf1 h5 28. Qc2 Bb8 29. Nd2 Re7 30. Qg6+ Rg7 31. Qxh5 f5 32. Qf3 Rf8 33. g3 g4 34. Qg2 gxh3 35. Qxh3 Rh7 36. Qg2 Rh5 37. Nf3 Qh6 38. Ne1 Rh2 39. Qf3 f4 40. gxf4 Bxf4 41. exf4 Rxf4 42. Qg3+ Kf8 43. Rxc6 Rhxf2+ 44. Qxf2 Rxf2+ 45. Kxf2 Qxc6 46. Rb3 Qc4 47. Rf3+ Ke7 48. Nd3 Qxd4+ 49. Ke2 Kd6 50. Re3 Qg4+ 51. Rf3 d4 52. Kf2 Kd5 53. Rf4 Qd1 54. Rf5+ Ke4 0-1

[Event "Titled Tuesday 2024.07.16 Late"]
[Site "chess.com INT"]
[Date "2024.07.16"]
[Round "2"]
[White "Song, Michael"]
[Black "Micic, Aleksa"]
[Result "1-0"]
[WhiteElo "2403"]
[BlackElo "2223"]
[PlyCount "93"]
[GameId "2130307541473497"]
[EventDate "2024.07.16"]
[EventType "swiss (blitz)"]
[EventRounds "11"]
[EventCountry "NET"]
[SourceTitle "The Week in Chess 1550"]
[Source "Mark Crowther"]
[SourceDate "2024.07.22"]
[SourceVersion "2"]
[SourceVersionDate "2024.07.24"]
[SourceQuality "2"]

1. d4 Nf6 2. c4 c5 3. d5 b5 4. cxb5 a6 5. bxa6 g6 6. Nc3 Bg7 7. e4 O-O 8. a7 Rxa7 9. Nf3 e6 10. Be2 exd5 11. exd5 d6 12. O-O Na6 13. Nd2 Re7 14. Nc4 Nc7 15. Bf4 Nfe8 16. Re1 Bb7 17. Na5 Ba8 18. Nc6 Bxc6 19. dxc6 Ne6 20. Be3 Nd4 21. Nd5 Ra7 22. Bxd4 Bxd4 23. Qc2 Qa8 24. Bf3 Rxa2 25. Rxa2 Qxa2 26. c7 Nf6 27. c8=Q Rxc8 28. Ne7+ Kg7 29. Nxc8 Qa6 30. Ne7 c4 31. Nd5 Nxd5 32. Bxd5 Qa5 33. Qe4 Qd2 34. Qe2 Qf4 35. Bxc4 Bc5 36. g3 Qf6 37. Kg2 Qd4 38. Rd1 Qf6 39. Qf3 Qxb2 40. Qxf7+ Kh6 41. Qf4+ Kg7 42. Re1 Qb7+ 43. Qf3 Qd7 44. Qd5 Kh6 45. h4 Kg7 46. Re4 Qd8 47. Rf4 1-0

[Event "Titled Tuesday 2024.07.16 Late"]
[Site "chess.com INT"]
[Date "2024.07.16"]
[Round "3"]
[White "De Arruda, Leandro Formes"]
[Black "Song, Michael"]
[Result "1-0"]
[WhiteElo "1988"]
[BlackElo "2403"]
[PlyCount "47"]
[GameId "2130307541473527"]
[EventDate "2024.07.16"]
[EventType "swiss (blitz)"]
[EventRounds "11"]
[EventCountry "NET"]
[SourceTitle "The Week in Chess 1550"]
[Source "Mark Crowther"]
[SourceDate "2024.07.22"]
[SourceVersion "2"]
[SourceVersionDate "2024.07.24"]
[SourceQuality "2"]

1. d4 f5 2. Nf3 Nf6 3. e3 g6 4. Bd3 Bg7 5. Nbd2 O-O 6. O-O d6 7. Re1 Nc6 8. c3 e5 9. e4 f4 10. Bc4+ Kh8 11. Ng5 Qe7 12. d5 Nd8 13. Bd3 h6 14. Ngf3 g5 15. Rf1 g4 16. Ne1 Nf7 17. f3 g3 18. hxg3 fxg3 19. f4 exf4 20. Rxf4 Ne5 21. Nc4 Nfg4 22. Nxe5 Rxf4 23. Ng6+ Kh7 24. Nxe7 1-0

[Event "Cayman op"]
[Site "George Town CAY"]
[Date "2024.05.04"]
[Round "2"]
[White "Song, Michael"]
[Black "Tari, Aryan"]
[Result "0-1"]
[WhiteElo "2399"]
[BlackElo "2634"]
[PlyCount "36"]
[GameId "2129404697849519"]
[EventDate "2024.05.04"]
[EventType "swiss"]
[EventRounds "6"]
[EventCountry "CAY"]
[SourceTitle "10 Days #758"]
[Source "ChessMix "]
[SourceDate "2024.05.10"]
[SourceVersion "1"]
[SourceVersionDate "2024.05.10"]
[SourceQuality "1"]
[TimeControl "5400+30"]

1. d4 {[%emt 0:03:43]} Nf6 {[%emt 0:00:17]} 2. c4 {[%emt 0:00:57]} e6 {[%emt 0:00:22]} 3. Bf4 {[%emt 0:00:15]} d5 {[%emt 0:00:32]} 4. cxd5 {[%emt 0:00:37]} Nxd5 {[%emt 0:00:56]} 5. Bg3 {[%emt 0:00:12]} c5 {[%emt 0:01:12]} 6. e4 {[%emt 0:00:58]} Nf6 {[%emt 0:01:07]} 7. Nd2 {[%emt 0:00:29]} Qxd4 {[%emt 0:03:22]} 8. Ngf3 {[%emt 0:06:38]} Qd8 {[%emt 0:00:29]} 9. e5 {[%emt 0:07:02]} Nd5 {[%emt 0:01:48]} 10. a3 {[%emt 0:05:54]} Nc6 {[%emt 0:04:13]} 11. Rc1 {[%emt 0:02:10]} Nce7 {[%emt 0:31:25]} 12. Ne4 {[%emt 0:32:05]} Nf5 {[%emt 0:02:30]} 13. Nxc5 {[%emt 0:00:50]} Bxc5 {[%emt 0:13:11]} 14. Rxc5 {[%emt 0:00:20]} h5 {[%emt 0:03:47]} 15. Bd3 {[%emt 0:11:42]} h4 {[%emt 0:02:52]} 16. Bxf5 {[%emt 0:00:46]} hxg3 {[%emt 0:00:14]} 17. fxg3 {[%emt 0:03:30]} b6 {[%emt 0:02:51]} 18. Rc6 {[%emt 0:00:16]} Bd7 {[%emt 0:01:15]} 0-1

[Event "Cayman op"]
[Site "George Town CAY"]
[Date "2024.05.05"]
[Round "3"]
[White "Song, Michael"]
[Black "Budisavljevic, Luka"]
[Result "1-0"]
[WhiteElo "2399"]
[BlackElo "2476"]
[PlyCount "67"]
[GameId "2129404697849522"]
[EventDate "2024.05.04"]
[EventType "swiss"]
[EventRounds "6"]
[EventCountry "CAY"]
[SourceTitle "10 Days #758"]
[Source "ChessMix "]
[SourceDate "2024.05.10"]
[SourceVersion "1"]
[SourceVersionDate "2024.05.10"]
[SourceQuality "1"]
[TimeControl "5400+30"]

1. e4 {[%emt 0:09:52]} e5 {[%emt 0:00:44]} 2. f4 {[%emt 0:06:48]} d5 {[%emt 0:02:05]} 3. exd5 {[%emt 0:00:35]} exf4 {[%emt 0:00:19]} 4. Nf3 {[%emt 0:00:18]} Nf6 {[%emt 0:02:11]} 5. Bb5+ {[%emt 0:01:11]} c6 {[%emt 0:03:19]} 6. dxc6 {[%emt 0:00:15]} Nxc6 {[%emt 0:00:24]} 7. d4 {[%emt 0:00:51]} Bd6 {[%emt 0:02:24]} 8. O-O {[%emt 0:01:46]} O-O {[%emt 0:00:04]} 9. Nbd2 {[%emt 0:01:52]} h6 {[%emt 0:02:36]} 10. c3 {[%emt 0:15:16]} g5 {[%emt 0:03:20]} 11. Bd3 {[%emt 0:10:14]} Re8 {[%emt 0:00:23]} 12. Re1 {[%emt 0:02:06]} Bc7 {[%emt 0:08:50]} 13. Rxe8+ {[%emt 0:06:57]} Qxe8 {[%emt 0:00:39]} 14. Qe1 {[%emt 0:00:12]} Qf8 {[%emt 0:03:24]} 15. Ne4 {[%emt 0:01:52]} Nh7 {[%emt 0:05:46]} 16. b4 {[%emt 0:09:58]} Ne7 {[%emt 0:08:26]} 17. c4 {[%emt 0:02:45]} Nf5 {[%emt 0:02:47]} 18. Bb2 {[%emt 0:03:41]} Ne3 {[%emt 0:05:09]} 19. d5 {[%emt 0:03:44]} f6 {[%emt 0:00:43]} 20. c5 {[%emt 0:01:29]} Qf7 {[%emt 0:08:21]} 21. d6 {[%emt 0:00:28]} Bd8 {[%emt 0:00:00]} 22. Qc3 {[%emt 0:01:14]} a6 {[%emt 0:01:59]} 23. a4 {[%emt 0:02:39]} Be6 {[%emt 0:00:23]} 24. b5 {[%emt 0:01:06]} Nd5 {[%emt 0:04:58]} 25. Qd4 {[%emt 0:02:22]} g4 {[%emt 0:01:09]} 26. Nfd2 {[%emt 0:00:14]} axb5 {[%emt 0:00:31]} 27. axb5 {[%emt 0:00:06]} Rxa1+ {[%emt 0:00:32]} 28. Bxa1 {[%emt 0:00:02]} Ng5 {[%emt 0:00:43]} 29. Nxg5 {[%emt 0:04:11]} hxg5 {[%emt 0:00:01]} 30. Ne4 {[%emt 0:00:02]} Kf8 {[%emt 0:00:28]} 31. Nxg5 {[%emt 0:01:28]} fxg5 {[%emt 0:00:51]} 32. Qh8+ {[%emt 0:00:06]} Qg8 {[%emt 0:00:02]} 33. Qh6+ {[%emt 0:00:14]} Ke8 {[%emt 0:00:38]} 34. Bh7 {[%emt 0:00:13]} 1-0

[Event "Cayman op"]
[Site "George Town CAY"]
[Date "2024.05.05"]
[Round "4"]
[White "Young, Christopher"]
[Black "Song, Michael"]
[Result "0-1"]
[WhiteElo "1757"]
[BlackElo "2399"]
[PlyCount "41"]
[GameId "2129404697849528"]
[EventDate "2024.05.04"]
[EventType "swiss"]
[EventRounds "6"]
[EventCountry "CAY"]
[SourceTitle "10 Days #758"]
[Source "ChessMix "]
[SourceDate "2024.05.10"]
[SourceVersion "1"]
[SourceVersionDate "2024.05.10"]
[SourceQuality "1"]
[TimeControl "5400+30"]

1. d4 {[%emt 0:00:03]} f5 {[%emt 0:00:31]} 2. c4 {[%emt 0:00:19]} Nf6 {[%emt 0:00:37]} 3. Nf3 {[%emt 0:00:37]} g6 {[%emt 0:00:58]} 4. b3 {[%emt 0:03:06]} Bg7 {[%emt 0:00:28]} 5. Bb2 {[%emt 0:00:20]} O-O {[%emt 0:01:31]} 6. g3 {[%emt 0:00:22]} Ne4 {[%emt 0:12:10]} 7. Bg2 {[%emt 0:15:32]} c5 {[%emt 0:08:01]} 8. O-O {[%emt 0:00:47]} Nc6 {[%emt 0:00:19]} 9. e3 {[%emt 0:19:30]} d6 {[%emt 0:04:01]} 10. Nbd2 {[%emt 0:13:22]} Qa5 {[%emt 0:20:27]} 11. Nxe4 {[%emt 0:08:32]} fxe4 {[%emt 0:00:05]} 12. Ne1 {[%emt 0:02:18]} cxd4 {[%emt 0:00:07]} 13. exd4 {[%emt 0:01:04]} d5 {[%emt 0:05:35]} 14. Nc2 {[%emt 0:08:49]} e6 {[%emt 0:00:36]} 15. f3 {[%emt 0:07:46]} dxc4 {[%emt 0:03:09]} 16. bxc4 {[%emt 0:03:13]} e5 {[%emt 0:00:03]} 17. d5 {[%emt 0:08:32]} Qb6+ {[%emt 0:02:03]} 18. Kh1 {[%emt 0:00:11]} Qxb2 {[%emt 0:01:54]} 19. dxc6 {[%emt 0:01:28]} bxc6 {[%emt 0:01:08]} 20. fxe4 {[%emt 0:03:14]} Be6 {[%emt 0:00:58]} 21. Rxf8+ {[%emt 0:00:38]} 0-1

[Event "Cayman op"]
[Site "George Town CAY"]
[Date "2024.05.06"]
[Round "6"]
[White "Christiansen, Johan-Sebastian"]
[Black "Song, Michael"]
[Result "1-0"]
[WhiteElo "2651"]
[BlackElo "2399"]
[PlyCount "47"]
[GameId "2129404697849534"]
[EventDate "2024.05.04"]
[EventType "swiss"]
[EventRounds "6"]
[EventCountry "CAY"]
[SourceTitle "10 Days #758"]
[Source "ChessMix "]
[SourceDate "2024.05.10"]
[SourceVersion "1"]
[SourceVersionDate "2024.05.10"]
[SourceQuality "1"]
[TimeControl "5400+30"]

1. e4 {[%emt 0:00:05]} e5 {[%emt 0:04:45]} 2. Nf3 {[%emt 0:02:40]} Nc6 {[%emt 0:00:16]} 3. d4 {[%emt 0:01:24]} exd4 {[%emt 0:00:18]} 4. Nxd4 {[%emt 0:00:45]} Bb4+ {[%emt 0:03:58]} 5. c3 {[%emt 0:00:57]} Bc5 {[%emt 0:00:07]} 6. Be3 {[%emt 0:02:10]} Bb6 {[%emt 0:00:08]} 7. Nf5 {[%emt 0:01:48]} Bxe3 {[%emt 0:03:52]} 8. Nxe3 {[%emt 0:01:42]} d6 {[%emt 0:00:22]} 9. Bd3 {[%emt 0:04:49]} Nf6 {[%emt 0:06:42]} 10. O-O {[%emt 0:02:09]} O-O {[%emt 0:00:17]} 11. f4 {[%emt 0:01:19]} a5 {[%emt 0:13:15]} 12. Qf3 {[%emt 0:05:13]} Nd7 {[%emt 0:26:11]} 13. Nd2 {[%emt 0:02:44]} Nc5 {[%emt 0:00:08]} 14. Bc2 {[%emt 0:02:00]} Ne7 {[%emt 0:09:31]} 15. Rad1 {[%emt 0:11:42]} Bd7 {[%emt 0:08:07]} 16. f5 {[%emt 0:07:59]} Bb5 {[%emt 0:03:18]} 17. c4 {[%emt 0:06:08]} Bd7 {[%emt 0:02:12]} 18. e5 {[%emt 0:04:47]} dxe5 {[%emt 0:03:26]} 19. f6 {[%emt 0:01:39]} Ng6 {[%emt 0:00:03]} 20. Ne4 {[%emt 0:02:14]} Nxe4 {[%emt 0:01:10]} 21. Bxe4 {[%emt 0:00:19]} Ra6 {[%emt 0:01:28]} 22. fxg7 {[%emt 0:03:17]} Kxg7 {[%emt 0:00:01]} 23. Bf5 {[%emt 0:03:59]} Rd6 {[%emt 0:00:03]} 24. Rxd6 {[%emt 0:00:32]} 1-0

[Event "New York Summer IM-A"]
[Site "New York USA"]
[Date "2023.07.06"]
[Round "1.3"]
[White "Song, Michael"]
[Black "Pang, Qi"]
[Result "1/2-1/2"]
[WhiteElo "2405"]
[BlackElo "2193"]
[PlyCount "84"]
[GameId "2130307558239908"]
[EventDate "2023.07.06"]
[EventType "team"]
[EventRounds "9"]
[EventCountry "USA"]
[EventCategory "1"]
[SourceTitle "10 Days #729"]
[Source "ChessMix"]
[SourceDate "2023.07.20"]
[SourceVersion "1"]
[SourceVersionDate "2023.07.20"]
[SourceQuality "1"]
[WhiteTeam "Team 1"]
[BlackTeam "Team 2"]

1. e4 e5 2. f4 d5 3. exd5 exf4 4. Nf3 Nf6 5. Bb5+ c6 6. dxc6 bxc6 7. Bc4 Bd6 8. Qe2+ Qe7 9. Qxe7+ Kxe7 10. d4 Nbd7 11. O-O h6 12. Re1+ Kf8 13. Kh1 g5 14. Ne5 Bxe5 15. dxe5 Ng4 16. e6 fxe6 17. Bxe6 Ndf6 18. Bc4 Bf5 19. h3 Nf2+ 20. Kg1 N2e4 21. b3 Kg7 22. Nd2 Rhe8 23. Nxe4 Bxe4 24. Bb2 Bxc2 25. Rac1 Be4 26. Rcd1 Bd5 27. Rxe8 Rxe8 28. Bxd5 cxd5 29. Rxd5 Re2 30. Rd7+ Kg6 31. Bxf6 Kxf6 32. Rxa7 h5 33. Ra6+ Kf5 34. Ra5+ Kf6 35. Kf1 Rb2 36. Ra6+ Kf5 37. Ra5+ Kg6 38. Ra6+ Kf5 39. Rh6 Rxa2 40. Rxh5 Rb2 41. h4 Kg4 42. Rxg5+ Kxh4 1/2-1/2

[Event "New York Summer IM-A"]
[Site "New York USA"]
[Date "2023.07.07"]
[Round "2.3"]
[White "Song, Michael"]
[Black "Moor, Nathaniel"]
[Result "1-0"]
[WhiteElo "2405"]
[BlackElo "2147"]
[PlyCount "74"]
[GameId "2130307558239914"]
[EventDate "2023.07.06"]
[EventType "team"]
[EventRounds "9"]
[EventCountry "USA"]
[EventCategory "1"]
[SourceTitle "10 Days #729"]
[Source "ChessMix"]
[SourceDate "2023.07.20"]
[SourceVersion "1"]
[SourceVersionDate "2023.07.20"]
[SourceQuality "1"]
[WhiteTeam "Team 1"]
[BlackTeam "Team 3"]

1. d4 d5 2. c4 e6 3. Nc3 a6 4. cxd5 exd5 5. Bf4 Nf6 6. e3 Bd6 7. Nge2 O-O 8. Rc1 Re8 9. Qb3 Nc6 10. Bg5 Be6 11. g3 Nb4 12. Nf4 Bg4 13. Be2 Bxe2 14. Ncxe2 h6 15. Bxf6 Qxf6 16. a3 Nc6 17. O-O g5 18. Nxd5 Qe6 19. Nec3 Kg7 20. Qc2 h5 21. Nxc7 Bxc7 22. d5 Qe5 23. dxc6 bxc6 24. Ne2 Rab8 25. Nd4 Rb6 26. b4 h4 27. Nxc6 Qf6 28. Nd4 Be5 29. Qe4 Bxd4 30. Qxe8 Qf3 31. Qd7 Bxe3 32. fxe3 Qxe3+ 33. Kg2 h3+ 34. Qxh3 Rd6 35. Rxf7+ Kxf7 36. Rc7+ Kf6 37. Qh6+ Kf5 1-0

[Event "New York Summer IM-A"]
[Site "New York USA"]
[Date "2023.07.07"]
[Round "3.3"]
[White "La Manna, Andrea"]
[Black "Song, Michael"]
[Result "1/2-1/2"]
[WhiteElo "2180"]
[BlackElo "2405"]
[PlyCount "68"]
[GameId "2130307558239919"]
[EventDate "2023.07.06"]
[EventType "team"]
[EventRounds "9"]
[EventCountry "USA"]
[EventCategory "1"]
[SourceTitle "10 Days #729"]
[Source "ChessMix"]
[SourceDate "2023.07.20"]
[SourceVersion "1"]
[SourceVersionDate "2023.07.20"]
[SourceQuality "1"]
[WhiteTeam "Team 4"]
[BlackTeam "Team 1"]

1. d4 d5 2. c4 e6 3. Nc3 Nf6 4. cxd5 Nxd5 5. e4 Nxc3 6. bxc3 c5 7. Rb1 Be7 8. Nf3 O-O 9. Bc4 Qc7 10. Qe2 a6 11. O-O b5 12. Bd3 Bb7 13. Re1 Nd7 14. e5 cxd4 15. cxd4 Rfd8 16. Ng5 Nf8 17. Nf3 Rac8 18. Be3 Ng6 19. Rec1 Qd7 20. Rxc8 Rxc8 21. Rd1 Qd5 22. Rc1 Rxc1+ 23. Bxc1 Qc6 24. Qc2 Qxc2 25. Bxc2 Bd5 26. a3 Kf8 27. Bd3 h6 28. Ne1 Bd8 29. Nc2 Ba5 30. Nb4 Bxb4 31. axb4 Ne7 32. Bd2 Nc6 33. Bc3 Ke7 34. g3 Kd7 1/2-1/2

[Event "New York Summer IM-A"]
[Site "New York USA"]
[Date "2023.07.08"]
[Round "4.3"]
[White "Song, Michael"]
[Black "Adewumi, Tanitoluwa"]
[Result "1-0"]
[WhiteElo "2405"]
[BlackElo "2276"]
[PlyCount "73"]
[GameId "2130307558239926"]
[EventDate "2023.07.06"]
[EventType "team"]
[EventRounds "9"]
[EventCountry "USA"]
[EventCategory "1"]
[SourceTitle "10 Days #729"]
[Source "ChessMix"]
[SourceDate "2023.07.20"]
[SourceVersion "1"]
[SourceVersionDate "2023.07.20"]
[SourceQuality "1"]
[WhiteTeam "Team 1"]
[BlackTeam "Team 4"]

1. e4 c5 2. Nf3 e6 3. b3 Nf6 4. e5 Nd5 5. h4 Nc6 6. Bb2 Nde7 7. h5 Nf5 8. Na3 h6 9. Bd3 Nfd4 10. Nb5 Nxb5 11. Bxb5 Be7 12. Bxc6 bxc6 13. Qe2 a5 14. a4 Ba6 15. d3 O-O 16. Rh3 f6 17. Nh4 fxe5 18. Ng6 Re8 19. Nxe7+ Rxe7 20. Qxe5 d6 21. Qe3 e5 22. Rg3 Re6 23. f4 Qh4 24. O-O-O Rf8 25. fxe5 d5 26. Qe1 Qb4 27. Bc3 Qa3+ 28. Bb2 Qb4 29. Bc3 Qf4+ 30. Kb1 Rb8 31. Bb2 c4 32. dxc4 dxc4 33. Rd7 g5 34. Rf3 Qg4 35. Rff7 Qxh5 36. Rg7+ Kf8 37. Ba3+ 1-0

[Event "New York Summer IM-A"]
[Site "New York USA"]
[Date "2023.07.08"]
[Round "5.3"]
[White "Colas, Joshua"]
[Black "Song, Michael"]
[Result "1/2-1/2"]
[WhiteElo "2294"]
[BlackElo "2405"]
[PlyCount "46"]
[GameId "2130307558239931"]
[EventDate "2023.07.06"]
[EventType "team"]
[EventRounds "9"]
[EventCountry "USA"]
[EventCategory "1"]
[SourceTitle "10 Days #729"]
[Source "ChessMix"]
[SourceDate "2023.07.20"]
[SourceVersion "1"]
[SourceVersionDate "2023.07.20"]
[SourceQuality "1"]
[WhiteTeam "Team 3"]
[BlackTeam "Team 1"]

1. Nf3 f5 2. d4 Nf6 3. g3 g6 4. Bg2 Bg7 5. O-O O-O 6. c4 d6 7. Nc3 c6 8. Re1 Ne4 9. Qc2 Nxc3 10. bxc3 e5 11. e4 fxe4 12. Qxe4 Bf5 13. Qh4 Qxh4 14. Nxh4 Bd3 15. Ba3 exd4 16. Rad1 Bc2 17. Rxd4 Bxd4 18. cxd4 Nd7 19. Bh3 Nb6 20. Be6+ Kg7 21. Bxd6 Rfe8 22. Be5+ Kf8 23. Bd6+ Kg7 1/2-1/2

[Event "New York Summer IM-A"]
[Site "New York USA"]
[Date "2023.07.09"]
[Round "6.3"]
[White "Poliannikov, Danila"]
[Black "Song, Michael"]
[Result "1/2-1/2"]
[WhiteElo "2269"]
[BlackElo "2405"]
[PlyCount "117"]
[GameId "2130307558244032"]
[EventDate "2023.07.06"]
[EventType "team"]
[EventRounds "9"]
[EventCountry "USA"]
[EventCategory "1"]
[SourceTitle "10 Days #729"]
[Source "ChessMix"]
[SourceDate "2023.07.20"]
[SourceVersion "1"]
[SourceVersionDate "2023.07.20"]
[SourceQuality "1"]
[WhiteTeam "Team 2"]
[BlackTeam "Team 1"]

1. e4 c5 2. Nf3 Nc6 3. d4 cxd4 4. Nxd4 e5 5. Nb5 d6 6. c4 Be6 7. Be3 Nf6 8. f3 a6 9. N5c3 g6 10. Be2 Bg7 11. O-O O-O 12. Na3 Nd4 13. Nc2 Nxe2+ 14. Qxe2 Rc8 15. Na3 Nh5 16. Rfd1 Nf4 17. Qd2 h5 18. g3 Nh3+ 19. Kg2 Rc6 20. Nd5 a5 21. Rac1 g5 22. b4 g4 23. fxg4 Bxg4 24. b5 Rc8 25. Nb6 f5 26. exf5 Rxf5 27. Rf1 Rc7 28. Rxf5 Bxf5 29. Qd5+ Rf7 30. Nb1 Qf6 31. Nd2 Be6 32. Qd3 Nf2 33. Qe2 Bh3+ 34. Kg1 Ng4 35. Ne4 Qg6 36. Bd2 h4 37. Nd5 Kh8 38. gxh4 Nf2+ 39. Ng5 Nd3 40. h5 Nxc1 41. Bxc1 Qf5 42. Nxf7+ Qxf7 43. Ne3 Bh6 44. Bd2 Qf4 45. Nf1 Qd4+ 46. Qf2 Qxf2+ 47. Kxf2 Bxf1 48. Bxh6 Bxc4 49. a4 Bb3 50. Bd2 Bxa4 51. Bxa5 d5 52. Bc7 e4 53. b6 Kh7 54. Ke3 Kh6 55. Kd4 Bb3 56. h4 Kxh5 57. Bd8 Kg4 58. Bg5 Kf5 59. Be3 1/2-1/2